| 000 | 00923nam a2200253Ia 4500 | ||
|---|---|---|---|
| 003 | OSt | ||
| 005 | 20220923220012.0 | ||
| 006 | a|||||r|||| 00| 0 | ||
| 007 | ta | ||
| 008 | 220922b |||||||| |||| 00| 0 hin d | ||
| 024 | _a183,471 | ||
| 037 | _cTextual | ||
| 040 |
_aARTS _cARTS _bhin |
||
| 041 |
_2hin _ahin |
||
| 082 | _aO152,1:gN, N0 | ||
| 100 | _aमिश्र, राजेन्द्र लाल | ||
| 245 | 0 | _aअंग्रेजी हिन्दी नई कविता की प्रवृतियंा | |
| 246 | _aAangrejī hindī naī kavitā kī pravṛutiyanā | ||
| 260 |
_aदिल्ली _b सामायिक प्रकाशन _c1990 |
||
| 300 |
_a589 पृ. _ccm. |
||
| 650 |
_aहिन्दी साहित्य _9156264 |
||
| 942 |
_hO152,1:gN, N0 _cTEXL _2CC |
||
| 999 |
_c336807 _d336807 |
||